| 000 | 00877nam a22002297a 4500 | ||
|---|---|---|---|
| 008 | 240702b mp ||||| |||| 00| 0 mon d | ||
| 035 | _a25513 | ||
| 040 |
_aSU1322070 _bmon _cMN-UlNLM _dMN-UlNLM _erda |
||
| 041 | _amon | ||
| 042 | _a63523 | ||
| 084 |
_2NNA _a83.8 _bK-22 |
||
| 100 | _aКэстнер Э. | ||
| 245 | 0 | _aНисдэг анги | |
| 264 |
_aУлаанбаатар _bАдмон Принт ХХК _c2022 |
||
| 300 | _a213х. | ||
| 336 |
_2rdacontent _atext _btxt |
||
| 337 |
_2rdamedia _aunmediated _bn |
||
| 338 |
_2rdacarrier _avolume _bnc |
||
| 650 | _a"Нисдэг анги" зохиолыг Германы алдарт хүүхдийн зохиолч Эрих Кестер 1933 онд бичжээ. Зохиолд сургуулийнхаа дотуур байранд амьдард... | ||
| 942 |
_2NNA _cBK |
||
| 999 |
_c1077530 _d1077587 |
||